Short history of the corps of Engineers (Record no. 554091)

000 -LEADER
fixed length control field 00405nam a22001337a 4500
082 ## - DEWEY DECIMAL CLASSIFICATION NUMBER
Classification number 954.91
Author Mark KHA
100 ## - MAIN ENTRY--PERSONAL NAME
Personal name Khalid, Brig (R) Muhammad Mumtaz
9 (RLIN) 51392
245 ## - TITLE STATEMENT
Title Short history of the corps of Engineers
260 ## - PUBLICATION, DISTRIBUTION, ETC.
Place of publication, distribution, etc. Rawalpindi,
Name of publisher, distributor, etc. E-in-Cs branch,
Date of publication, distribution, etc. 2017.
300 ## - PHYSICAL DESCRIPTION
Extent xiii,546p.
Other physical details ill.
526 ## - STUDY PROGRAM INFORMATION NOTE
Program name 0
Interest level 0
Reading level 0
Title point value 954_910000000000000_KHA
526 ## - STUDY PROGRAM INFORMATION NOTE
Program name 0
Interest level 0
Reading level 0
Title point value 954_910000000000000_KHA
942 ## - ADDED ENTRY ELEMENTS (KOHA)
Source of classification or shelving scheme
Koha item type Book
Holdings
Withdrawn status Lost status Source of classification or shelving scheme Damaged status Not for loan Permanent Location Current Location Date acquired Total Checkouts Total Renewals Full call number Barcode Date last seen Date last checked out Price effective from Koha item type
          Military College of Engineering (MCE) Military College of Engineering (MCE) 06/06/2018 5 1 954.91 KHA MCE-50670 08/21/2020 04/30/2020 06/06/2018 Book
          Military College of Engineering (MCE) Military College of Engineering (MCE) 06/06/2018     954.91 KHA MCE-50669 01/20/2020   06/06/2018 Book
© 2023 Central Library, National University of Sciences and Technology. All Rights Reserved.